000
00290nam a2200121Ia 4500
008
220204s9999 xx 000 0 und d
082
_a
595.132
_b
BIR
100
_a
BIRD, Alan F
245
0
_a
Structure of nematodes.
260
_a
London
_b
Academic
_c
1971
650
_a
Nematodes
942
_c
BK
999
_c
22480
_d
22480